Länder dessen Hauptstadt mit N beginnt - Statistiken

Allgemein
  • Dieses Quiz wurde 140 mal gespielt
  • Das Durchschnittsergebnis liegt bei 5 aus 10
Antwortstatistiken
Kontinent Land % Korrekt
Afrika Kenia
79%
Afrika Niger
65%
Nordamerika Bahamas
52%
Europa/Asien Zypern
51%
Afrika Mauretanien
50%
Ozeanien Palau
47%
Afrika Tschad
41%
Asien Indien
39%
Ozeanien Tonga
38%
Asien Myanmar
27%
Keine übereinstimmenden Quizze gefunden
Verteilung der Resultate
Anzahl Personen mit jedem Resultat
Perzentil nach korrekt beantworteten Fragen
Ihre Resultats-Entwicklung
Sie haben dieses Quiz noch nicht gespielt